Fifa 20 Top 10 Super Lig Players - Statistics

General Stats
  • This quiz has been taken 495 times
  • The average score is 8 of 10
Answer Stats
Postion Nation Rating Club Player % Correct
GK Uruguay 81 Galatasaray Fernando Muslera
93%
RM Bosnia 84 Basaksehir Edin Visca
87%
ST Colombia 83 Galatasaray Falcao
87%
CB Croatia 80 Besiktas Domagoj Vida
80%
RM Portugal 81 Kasimpasa Ricardo Quaresma
76%
RM Algeria 80 Galatasaray Sofiane Feghouli
74%
CF Germany 83 Fenerbahce Max Kruse
73%
CAM Morocco 80 Galatasaray Younes Belhanda
71%
CDM France 81 Galatasaray Stephen N'Zonzi
56%
CAM Serbia 81 Besiktas Adem Ljajic
55%
No matching quizzes found
Score Distribution
Percent of People with Each Score
Percentile by Number Answered
Your Score History
You have not taken this quiz